Отчет Комитета, учрежденного в 18-й день августа 1814 года... ... за 1840-й год (Запись № 10741578)

Подробности
000 -МАРКЕР
контрольное поле 01766nam2a22003011 4500
001 - ИДЕНТИФИКАТОР ЗАПИСИ
контрольное поле RU\NLR\19V\927448
005 - ИДЕНТИФИКАТОР ВЕРСИИ
контрольное поле 20260406164131.0
035 ## - ДРУГИЕ СИСТЕМНЫЕ НОМЕРА
Идентификатор записи (NLR Aleph) 010349904
100 ## - ДАННЫЕ ОБЩЕЙ ОБРАБОТКИ
Данные общей обработки 20100603d1841 |||y0rusy50 ca
101 0# - ЯЗЫК РЕСУРСА
Язык текста, звукозаписи и т.д. русский
102 ## - СТРАНА ПУБЛИКАЦИИ ИЛИ ПРОИЗВОДСТВА
Страна публикации российская федерация
105 ## - ПОЛЕ КОДИРОВАННЫХ ДАННЫХ: ТЕКСТОВЫЕ МАТЕРИАЛЫ, МОНОГРАФИЧЕСКИЕ
Кодированные данные о монографическом текстовом документе y z |||||
200 0# - ЗАГЛАВИЕ И СВЕДЕНИЯ ОБ ОТВЕТСТВЕННОСТИ
Основное заглавие ... за 1840-й год
210 ## - ПУБЛИКАЦИЯ, РАСПРОСТРАНЕНИЕ И ДР.
Дата издания, распространения и т.д. 1841
Место издания, распространения и т.д. Б. м.
215 ## - ФИЗИЧЕСКАЯ ХАРАКТЕРИСТИКА
Специфическое обозначение материала и объем [2], 10 с.
300 ## - ОБЩИЕ ПРИМЕЧАНИЯ
Текст примечания В конце текста подписали: председатель, ген. от Инфантерии князь Щербатов [и др.]
316 ## - ПРИМЕЧАНИЯ ОБ ОСОБЕННОСТЯХ ЭКЗЕМПЛЯРА
Текст примечания Экз. РНБ на шифром 18.74.2.11 с экслибрисом Библиотеки Александра II: императорская корона без сияния вокруг нее и монограмма "А.Н."
Организация и экземпляр, к которому относится поле NLR:18.74.2.11
461 #0 - УРОВЕНЬ НАБОРА
Встроенное поле 001RU\NLR\19V\927445
-- 2001#$aОтчет Комитета, учрежденного в 18-й день августа 1814 года...$v... за 1840-й год
Системный номер (АБИС) связанной записи 10741566
Автор Александровский комитет о раненых (Петербург)
Место публикации [Санкт-Петербург
Дата публикации 1836]
Имя издателя, распространителя и т.д. в Военной типографии
Заглавие Отчет Комитета, учрежденного в 18-й день августа 1814 года...
Номер тома ... за 1840-й год
702 #0 - ИМЯ ЛИЦА - ВТОРИЧНАЯ ОТВЕТСТВЕННОСТЬ
Код отношения Бывший владелец
Материалы, к которым относится поле rus
Графика поля Кириллица
Начальный элемент ввода Александр
Дополнения к именам, кроме дат император российский
Римские цифры II
Даты 1818-1881
Идентификатор авторитетной/нормативной записи RU\NLR\AUTH\7710521
Системный номер авторитетной/нормативной записи 120289
702 #1 - ИМЯ ЛИЦА - ВТОРИЧНАЯ ОТВЕТСТВЕННОСТЬ
Код отношения Подписавшее лицо
Материалы, к которым относится поле rus
Графика поля Кириллица
Начальный элемент ввода Щербатов
Часть имени, кроме начального элемента ввода А. Г.
Даты 1776-1848
Расширение инициалов личного имени Алексей Григорьевич
Идентификатор авторитетной/нормативной записи RU\NLR\AUTH\7788972
Системный номер авторитетной/нормативной записи 71900
801 #0 - ИСТОЧНИК ЗАПИСИ
Страна российская федерация
Организация NLR
Дата составления 20100603
Правила каталогизации psbo
801 #1 - ИСТОЧНИК ЗАПИСИ
Страна российская федерация
Организация NLR
Дата составления 20100603
Источник данных rusmarc
801 #2 - ИСТОЧНИК ЗАПИСИ
Страна российская федерация
Организация NLR
Дата составления 20100603
Источник данных rusmarc
852 ## - МЕСТОНАХОЖДЕНИЕ И ШИФР ХРАНЕНИЯ
Идентификатор организации NLR
Шифр хранения (Call Number) 18.74.2.11
942 ## - ДОПОЛНИТЕЛЬНЫЕ ЭЛЕМЕНТЫ ЗАПИСИ (АБИС)
Тип экземпляра АБИС Книга
980 ## - КОЛЛЕКЦИЯ
Название коллекции Национальная библиография

Нет доступных экземпляров.